Insect biochemistry (Record no. 26606)

MARC details
000 -LEADER
fixed length control field 00373nam a2200145Ia 4500
082 ## - DEWEY DECIMAL CLASSIFICATION NUMBER
Classification number 595.7:577.1
Item number REE
100 ## - MAIN ENTRY--AUTHOR NAME
Personal name REES, H H
245 #0 - TITLE STATEMENT
Title Insect biochemistry
260 ## - PUBLICATION, DISTRIBUTION, ETC. (IMPRINT)
Place of publication London
Name of publisher Chapman & Hall
Year of publication 1977
490 ## - SERIES STATEMENT
Series statement Outline studies in biology
650 ## - SUBJECT ADDED ENTRY--TOPICAL TERM
Topical Term Insect biochemistry
650 ## - SUBJECT ADDED ENTRY--TOPICAL TERM
Topical Term Pheromones
942 ## - ADDED ENTRY ELEMENTS (KOHA)
Koha item type Books
Holdings
Withdrawn status Lost status Damaged status Not for loan Home library Current library Date acquired Full call number Accession Number Koha item type
        RRII Library RRII Library 16/12/2021 595.7:577.1 REE 07239 Books